Top Female Singers of 2024 by Songs - Statistics

General Stats
  • This quiz has been taken 453 times
    432 since last reset
  • The average score is 17 of 25
Answer Stats
Top Song (of some different times) Answer % Correct
7 Rings Ariana Grande
96%
Espresso Sabrina Carpenter
94%
Cruel Summer Taylor Swift
94%
Hello Adele
93%
Drivers License Olivia Rodrigo
93%
Birds of Feather Billie Eilish
90%
Flowers Miley Cyrus
84%
Summertime Sadness Lana Del Rey
81%
Paint the Town Red Doja Cat
79%
New Rules Dua Lipa
79%
Kill Bill SZA
78%
Crazy in Love Beyonce
77%
Just Dance Lady Gaga
73%
About Damn Time Lizzo
73%
Royals Lorde
66%
Call Me Maybe Carly Rae Jepsen
62%
Greedy Tate McRae
60%
Water Tyla
60%
Kings and Queens Ava Max
54%
Boom Clap Charli XCX
51%
Closer Halsey
45%
The Boys a Liar PinkPantheress
38%
Because of You Kelly Clarkson
34%
Si Antes Te Hubiera Conocido Karol G
23%
Strangers Kenya Grace
15%
No matching quizzes found
Score Distribution
Percent of People with Each Score
Percentile by Number Answered
Your Score History
You have not taken this quiz since the last reset